Fake or Real - Statistics

General Stats
  • This quiz has been taken 43 times
  • The average score is 11 of 12
Answer Stats
Picture Hint Answer % Correct
. Fake
100%
Its a country shape Fake
100%
Ignore the hand Real
97%
. Real
97%
European Real
97%
Is it Simple to Draw? Fake
94%
. Fake
94%
. Real
94%
why is it realistic Fake
91%
African Real
91%
San marry Rino Real
91%
(Oh man) I don't know Real
91%
No matching quizzes found
Score Distribution
Percent of People with Each Score
Percentile by Number Answered
Your Score History
You have not taken this quiz